[Event "ACP Blitz"]
[Site "Playchess.com INT"]
[Date "2006.??.??"]
[Round "7"]
[White "Nakamura, Hikaru"]
[Black "Dreev, Alexey"]
[Result "1-0"]
[WhiteElo "2640"]
[BlackElo "2655"]
[PlyCount "101"]
[EventDate "2006.12.??"]
[EventType "swiss (blitz)"]
[EventRounds "11"]
[EventCountry "GER"]
[SourceTitle "EXT 2013"]
[Source "ChessBase"]
[SourceDate "2012.11.22"]
[SourceVersion "1"]
[SourceVersionDate "2012.11.22"]
[SourceQuality "1"]

1. d4 d5 2. c4 c6 3. Nf3 Nf6 4. e3 Bf5 5. Nc3 e6 6. Nh4 Bg6 7. g3 Nbd7 8. Nxg6
hxg6 9. Rb1 Bd6 10. c5 Bc7 11. b4 e5 12. Bg2 a6 13. O-O O-O 14. f4 exd4 15.
exd4 Re8 16. Qd3 Nf8 17. Bb2 Qd7 18. f5 gxf5 19. Rxf5 Qe6 20. Rbf1 Qe3+ 21.
Qxe3 Rxe3 22. R5f3 Rae8 23. Bh3 Rxf3 24. Rxf3 Ne6 25. Bxe6 Rxe6 26. Rf2 Ng4 27.
Re2 Rxe2 28. Nxe2 a5 29. a3 axb4 30. axb4 b5 31. Bc1 Nf6 32. Kg2 Ne8 33. Kf3 f5
34. Bf4 Kf7 35. Nc1 Bxf4 36. Kxf4 Kf6 37. Nd3 g5+ 38. Ke3 Nc7 39. Ne5 Ne6 40.
Nxc6 f4+ 41. Kf3 fxg3 42. hxg3 Nc7 43. Ke3 Kf5 44. Ne5 Na6 45. g4+ Ke6 46. Nd3
Nb8 47. Kd2 Nc6 48. Kc3 Kf6 49. Nc1 Ke6 50. Ne2 Nd8 51. Ng1 1-0

[Event "ACP Blitz"]
[Site "Playchess.com INT"]
[Date "2006.??.??"]
[Round "8"]
[White "Azarov, Sergei Nikolaevich"]
[Black "Nakamura, Hikaru"]
[Result "0-1"]
[WhiteElo "2566"]
[BlackElo "2640"]
[PlyCount "56"]
[EventDate "2006.12.??"]
[EventType "swiss (blitz)"]
[EventRounds "11"]
[EventCountry "GER"]
[SourceTitle "EXT 2013"]
[Source "ChessBase"]
[SourceDate "2012.11.22"]
[SourceVersion "1"]
[SourceVersionDate "2012.11.22"]
[SourceQuality "1"]

1. e4 c5 2. Nf3 d6 3. d4 cxd4 4. Nxd4 Nf6 5. Nc3 a6 6. Bg5 e6 7. f4 Nbd7 8. Qf3
Qc7 9. O-O-O b5 10. Bxf6 Nxf6 11. e5 Bb7 12. Qh3 Nd5 13. Nxd5 Bxd5 14. Qg3 dxe5
15. fxe5 g6 16. Bd3 Bg7 17. Rde1 Rc8 18. Kb1 Qb6 19. Ne2 Qa5 20. b3 Bc4 21. Nf4
O-O 22. h4 Qc3 23. h5 Bxd3 24. Qxd3 Bxe5 25. Rxe5 Qxe5 26. hxg6 Qxf4 27. Rxh7
Qf5 28. Qd4 Qxc2+ 0-1

[Event "ACP Blitz"]
[Site "Playchess.com INT"]
[Date "2006.??.??"]
[Round "8"]
[White "Nakamura, Hikaru"]
[Black "Azarov, Sergei Nikolaevich"]
[Result "1-0"]
[WhiteElo "2640"]
[BlackElo "2566"]
[PlyCount "115"]
[EventDate "2006.12.??"]
[EventType "swiss (blitz)"]
[EventRounds "11"]
[EventCountry "GER"]
[SourceTitle "EXT 2013"]
[Source "ChessBase"]
[SourceDate "2012.11.22"]
[SourceVersion "1"]
[SourceVersionDate "2012.11.22"]
[SourceQuality "1"]

1. d4 Nf6 2. c4 g6 3. g3 Bg7 4. Bg2 O-O 5. Nc3 d6 6. e4 c5 7. d5 Na6 8. Nge2
Nc7 9. a3 b5 10. cxb5 Rb8 11. b4 Nxb5 12. Nxb5 Rxb5 13. Bd2 Nd7 14. Rc1 Ba6 15.
O-O Rb8 16. Re1 Qb6 17. Be3 Rfc8 18. Bh3 Qd8 19. Bxd7 Qxd7 20. bxc5 dxc5 21.
Bxc5 e6 22. Bd4 Rxc1 23. Nxc1 exd5 24. Bxg7 Kxg7 25. Qd4+ Kg8 26. exd5 Bb7 27.
Qxa7 Ra8 28. Qd4 Rxa3 29. Nd3 Bxd5 30. Nb4 Be6 31. Qxd7 Bxd7 32. h4 h5 33. Nd5
Be6 34. Nf4 Bf5 35. Re5 Ra1+ 36. Kg2 Bd7 37. Rc5 Kg7 38. Rc7 Bf5 39. Re7 Kf6
40. Nd5+ Kg7 41. Re3 Rd1 42. Nf4 Bd7 43. Rc3 Rd6 44. Kf3 Bc6+ 45. Ke3 Bd7 46.
Rc5 Bg4 47. f3 Be6 48. Rg5 Kf8 49. Ra5 Kg7 50. Nd3 Rb6 51. Nc5 Rc6 52. Kf4 Rd6
53. Ne4 Rb6 54. Ra7 Bf5 55. Ng5 Be6 56. Ke5 Rb5+ 57. Kd6 Rb6+ 58. Kc5 1-0

[Event "Nakamura-Nepomniashchy m"]
[Site "Playchess.com INT"]
[Date "2007.02.28"]
[Round "?"]
[White "Nakamura, Hikaru"]
[Black "Nepomniachtchi, Ian"]
[Result "0-1"]
[WhiteElo "2651"]
[BlackElo "2587"]
[PlyCount "66"]
[EventDate "2007.02.28"]
[EventType "match (blitz)"]
[EventRounds "20"]
[EventCountry "GER"]
[SourceTitle "CBM 117 Extra"]
[Source "ChessBase"]
[SourceDate "2007.05.09"]
[SourceVersion "1"]
[SourceVersionDate "2007.05.09"]
[SourceQuality "1"]

1. e4 c5 2. Nf3 d6 3. d4 cxd4 4. Nxd4 Nf6 5. Nc3 a6 6. Be3 e5 7. Nb3 Be7 8. f3
O-O 9. Qd2 Be6 10. O-O-O Nbd7 11. g4 b5 12. g5 b4 13. Ne2 Ne8 14. f4 a5 15. f5
a4 16. Nbd4 b3 17. cxb3 exd4 18. Nxd4 Bxb3 19. axb3 axb3 20. Nxb3 Ne5 21. Kb1
Qd7 22. Bd4 Qa4 23. Bxe5 dxe5 24. Qd5 Nc7 25. Qc4 Qa2+ 26. Kc2 Ba3 27. Qc3 Nb5
28. Bxb5 Bxb2 29. Qc4 Rfc8 30. Bc6 Rxc6 31. Qxc6 Bd4+ 32. Kd3 Qxb3+ 33. Ke2
Qe3+ 0-1

[Event "Nakamura-Nepomniashchy m"]
[Site "Playchess.com INT"]
[Date "2007.02.28"]
[Round "?"]
[White "Nakamura, Hikaru"]
[Black "Nepomniachtchi, Ian"]
[Result "1-0"]
[WhiteElo "2651"]
[BlackElo "2587"]
[PlyCount "41"]
[EventDate "2007.02.28"]
[EventType "match (blitz)"]
[EventRounds "20"]
[EventCountry "GER"]
[SourceTitle "CBM 117 Extra"]
[Source "ChessBase"]
[SourceDate "2007.05.09"]
[SourceVersion "1"]
[SourceVersionDate "2007.05.09"]
[SourceQuality "1"]

1. e4 e6 2. d4 d5 3. e5 c5 4. c3 Bd7 5. Nf3 Qb6 6. Be2 a5 7. a4 Nh6 8. O-O Nf5
9. g4 Nh6 10. h3 Be7 11. Na3 c4 12. b3 Qxb3 13. Qxb3 cxb3 14. Nb5 Na6 15. Rb1
Rc8 16. Rxb3 Bc6 17. Bg5 Ng8 18. Bxe7 Kxe7 19. Nd6 Rc7 20. Bxa6 bxa6 21. Rb8
1-0

[Event "Nakamura-Nepomniashchy m"]
[Site "Playchess.com INT"]
[Date "2007.02.28"]
[Round "?"]
[White "Nakamura, Hikaru"]
[Black "Nepomniachtchi, Ian"]
[Result "1/2-1/2"]
[WhiteElo "2651"]
[BlackElo "2587"]
[PlyCount "163"]
[EventDate "2007.02.28"]
[EventType "match (blitz)"]
[EventRounds "20"]
[EventCountry "GER"]
[SourceTitle "CBM 117 Extra"]
[Source "ChessBase"]
[SourceDate "2007.05.09"]
[SourceVersion "1"]
[SourceVersionDate "2007.05.09"]
[SourceQuality "1"]

1. d4 e6 2. e4 d5 3. e5 c5 4. c3 Qb6 5. Nf3 Bd7 6. Be2 Nc6 7. a3 a5 8. a4 cxd4
9. cxd4 Nh6 10. Nc3 Nf5 11. Nb5 Bb4+ 12. Kf1 Be7 13. g4 Nh4 14. Nxh4 Bxh4 15.
Be3 Be7 16. Kg2 O-O 17. Qd2 f6 18. f4 f5 19. gxf5 Rxf5 20. Bg4 Bb4 21. Qd3 Ne7
22. Rhc1 Bc6 23. Bxf5 Nxf5 24. Bf2 Rf8 25. Rc2 Qd8 26. Rg1 Qe8 27. Kh1 h6 28.
b3 Qh5 29. Nc7 Qf7 30. Nb5 Qh5 31. Be1 Be7 32. Rcg2 Rf7 33. Nc7 Bd7 34. Bxa5
Bd8 35. b4 Bxc7 36. Bxc7 Bxa4 37. Bd8 Be8 38. Bf6 Kf8 39. b5 Kg8 40. b6 Bc6 41.
h3 Bb5 42. Qc3 Kh7 43. Kh2 Be2 44. Qc8 Qf3 45. Rg4 Bf1 46. Rxf1 Qxf1 47. Qxe6
Qf2+ 48. Kh1 Qf3+ 49. Kg1 Qe3+ 50. Kf1 Qd3+ 51. Kg1 Qxd4+ 52. Kh1 Qd1+ 53. Kh2
Qd2+ 54. Kh1 Qd1+ 55. Kh2 Qd2+ 56. Kg1 Qe3+ 57. Kh2 Qf2+ 58. Kh1 Qf1+ 59. Kh2
Qe2+ 60. Rg2 Qh5 61. Qxd5 gxf6 62. e6 Re7 63. Qd8 Rg7 64. Rxg7+ Nxg7 65. Qd3+
Qf5 66. Qd7 Qxe6 67. Qxb7 Qe2+ 68. Qg2 Qb5 69. b7 Nf5 70. Qe4 Kg7 71. b8=Q Qxb8
72. Qxf5 Qb2+ 73. Kg3 Qc3+ 74. Kg4 Qd2 75. Qc8 Qg2+ 76. Kh4 Qf2+ 77. Kh5 Qf3+
78. Qg4+ Qxg4+ 79. hxg4 Kh7 80. g5 fxg5 81. fxg5 hxg5 82. Kxg5 1/2-1/2

[Event "Nakamura-Nepomniashchy m"]
[Site "Playchess.com INT"]
[Date "2007.02.28"]
[Round "?"]
[White "Nakamura, Hikaru"]
[Black "Nepomniachtchi, Ian"]
[Result "1-0"]
[WhiteElo "2651"]
[BlackElo "2587"]
[PlyCount "103"]
[EventDate "2007.02.28"]
[EventType "match (blitz)"]
[EventRounds "20"]
[EventCountry "GER"]
[SourceTitle "CBM 117 Extra"]
[Source "ChessBase"]
[SourceDate "2007.05.09"]
[SourceVersion "1"]
[SourceVersionDate "2007.05.09"]
[SourceQuality "1"]

1. d4 Nf6 2. c4 g6 3. Nc3 d5 4. Bf4 Bg7 5. e3 O-O 6. Rc1 c5 7. dxc5 Be6 8. Nf3
Nc6 9. Be2 dxc4 10. O-O Qa5 11. Ng5 Rfd8 12. Qe1 Qxc5 13. Nxe6 fxe6 14. Na4 Qf5
15. Rxc4 e5 16. Bg3 Kh8 17. Nc5 Rab8 18. Qc1 Na5 19. Rc2 b6 20. Na6 Rbc8 21.
Nc7 h5 22. b4 Nb7 23. Ba6 Rb8 24. f3 Bh6 25. e4 Bxc1 26. exf5 Be3+ 27. Kh1 gxf5
28. Bxe5 Bd4 29. f4 Bxe5 30. fxe5 Ng4 31. Re2 Nh6 32. h3 Rd4 33. a3 Nd8 34. Nb5
Rd7 35. e6 Rd3 36. Rc1 Kg7 37. Rc7 Kf6 38. Rxa7 f4 39. Kh2 Ng4+ 40. hxg4 hxg4
41. Re1 Nc6 42. Rd7 Rb3 43. Nc7 Rh8+ 44. Kg1 Ne5 45. Nd5+ Kf5 46. Nxe7+ Kxe6
47. Ra7 Re3 48. Rxe3 fxe3 49. Nc8 Rf8 50. Re7+ Kd5 51. Nxb6+ Kd6 52. Rxe5 1-0

[Event "Nakamura-Nepomniashchy m"]
[Site "Playchess.com INT"]
[Date "2007.02.28"]
[Round "?"]
[White "Nakamura, Hikaru"]
[Black "Nepomniachtchi, Ian"]
[Result "1-0"]
[WhiteElo "2651"]
[BlackElo "2587"]
[PlyCount "117"]
[EventDate "2007.02.28"]
[EventType "match (blitz)"]
[EventRounds "20"]
[EventCountry "GER"]
[SourceTitle "CBM 117 Extra"]
[Source "ChessBase"]
[SourceDate "2007.05.09"]
[SourceVersion "1"]
[SourceVersionDate "2007.05.09"]
[SourceQuality "1"]

1. d4 d5 2. c4 c6 3. Nf3 e6 4. Nc3 Bd6 5. e4 Nd7 6. cxd5 cxd5 7. exd5 exd5 8.
Nxd5 Ne7 9. Nc3 O-O 10. Bd3 Nf6 11. h3 Bf5 12. O-O h6 13. Re1 a6 14. Qc2 Bxd3
15. Qxd3 Ng6 16. Bd2 Qd7 17. d5 Rad8 18. Rad1 Bb8 19. Bc1 Qd6 20. Ne4 Nxe4 21.
Rxe4 Rfe8 22. g3 Qd7 23. Kg2 Qd6 24. h4 Ba7 25. h5 Nf8 26. Bf4 Qf6 27. Be5 Qf5
28. g4 Qd7 29. Bc3 Bb8 30. Ne5 Bxe5 31. Bxe5 Nh7 32. f3 Ng5 33. Ree1 Qa4 34. f4
Nh7 35. Bc7 Rc8 36. d6 Nf6 37. Kh3 Qxf4 38. Qg3 Qa4 39. b3 Qd7 40. Qf3 Rxe1 41.
Rxe1 Re8 42. Rxe8+ Qxe8 43. Bb6 Qe6 44. Bc7 b5 45. Kh4 g5+ 46. hxg6 fxg6 47. g5
Ne4 48. gxh6 g5+ 49. Kh5 Kh7 50. d7 Qxh6+ 51. Kg4 Nf6+ 52. Qxf6 Qxf6 53. d8=Q
Qe6+ 54. Kxg5 Qe3+ 55. Bf4 Qg1+ 56. Kf5 Qb1+ 57. Kf6 Qa1+ 58. Be5 Qf1+ 59. Ke7
1-0

[Event "Nakamura-Nepomniashchy m"]
[Site "Playchess.com INT"]
[Date "2007.02.28"]
[Round "?"]
[White "Nakamura, Hikaru"]
[Black "Nepomniachtchi, Ian"]
[Result "1-0"]
[WhiteElo "2651"]
[BlackElo "2587"]
[PlyCount "43"]
[EventDate "2007.02.28"]
[EventType "match (blitz)"]
[EventRounds "20"]
[EventCountry "GER"]
[SourceTitle "CBM 117 Extra"]
[Source "ChessBase"]
[SourceDate "2007.05.09"]
[SourceVersion "1"]
[SourceVersionDate "2007.05.09"]
[SourceQuality "1"]

1. d4 d5 2. c4 e6 3. Nf3 c6 4. e3 f5 5. Nc3 Bd6 6. Ne5 Nf6 7. Be2 O-O 8. f4
Nbd7 9. O-O Qe7 10. b3 Bb4 11. Bb2 Bxc3 12. Bxc3 Ne4 13. Bb2 Nxe5 14. fxe5 b6
15. a4 Bb7 16. cxd5 cxd5 17. Ba3 Qf7 18. Bxf8 Qxf8 19. Rc1 Rc8 20. Bd3 Nc3 21.
Qd2 Qb4 22. Rc2 1-0

[Event "Nakamura-Nepomniashchy m"]
[Site "Playchess.com INT"]
[Date "2007.02.28"]
[Round "?"]
[White "Nakamura, Hikaru"]
[Black "Nepomniachtchi, Ian"]
[Result "0-1"]
[WhiteElo "2651"]
[BlackElo "2587"]
[PlyCount "170"]
[EventDate "2007.02.28"]
[EventType "match (blitz)"]
[EventRounds "20"]
[EventCountry "GER"]
[SourceTitle "CBM 117 Extra"]
[Source "ChessBase"]
[SourceDate "2007.05.09"]
[SourceVersion "1"]
[SourceVersionDate "2007.05.09"]
[SourceQuality "1"]

1. e4 e6 2. d4 d5 3. e5 c5 4. c3 Nc6 5. Nf3 Qb6 6. a3 a5 7. a4 Bd7 8. Bb5 cxd4
9. cxd4 Nge7 10. Be3 h6 11. O-O Nb4 12. Nc3 Nf5 13. g4 Nxe3 14. fxe3 Bxb5 15.
Nxb5 Be7 16. Rc1 O-O 17. Qd2 Rac8 18. Rc3 Na2 19. Rxc8 Rxc8 20. Ra1 Nb4 21. Rc1
Rxc1+ 22. Qxc1 Qc6 23. Qc3 Nc2 24. Kf2 Bb4 25. Qxc6 bxc6 26. Na7 c5 27. Ke2 c4
28. Nc6 Kf8 29. g5 Ke8 30. gxh6 gxh6 31. h3 Kd7 32. Na7 Na1 33. Nh2 Nb3 34. Ng4
Nc1+ 35. Kd1 Nd3 36. Kc2 Ne1+ 37. Kb1 Bf8 38. Nf6+ Kd8 39. Nc6+ Kc7 40. Na7 Ng2
41. e4 dxe4 42. Nxe4 Nf4 43. Nb5+ Kd7 44. Nf6+ Kc6 45. h4 Ng6 46. h5 Nf4 47.
Kc2 Bb4 48. Nc3 Be7 49. Nce4 Nd5 50. Ng4 Bf8 51. Nd2 Nb6 52. Nf6 Be7 53. Ng4
Bg5 54. Ne4 Bf4 55. Nc3 Nd5 56. Nxd5 exd5 57. b3 cxb3+ 58. Kxb3 Bg5 59. Nf2 Kd7
60. Nd3 Ke6 61. Nc5+ Kf5 62. Nb7 Bd2 63. Nd6+ Ke6 64. Kc2 Bb4 65. Nb5 Kf5 66.
Kd3 Kg5 67. Nc7 Kxh5 68. Nxd5 Bf8 69. Nf6+ Kg6 70. Ke4 h5 71. d5 h4 72. Kf4 h3
73. Ng4 f5 74. exf6 h2 75. Nxh2 Bd6+ 76. Ke4 Bxh2 77. Kd4 Kxf6 78. Kc5 Bf4 79.
Kb5 Bd2 80. d6 Ke6 81. Kc6 Bc3 82. d7 Bf6 83. Kc7 Kd5 84. Kb6 Bd8+ 85. Kb5 Kd6
0-1

[Event "Nakamura-Nepomniashchy m"]
[Site "Playchess.com INT"]
[Date "2007.02.28"]
[Round "?"]
[White "Nepomniachtchi, Ian"]
[Black "Nakamura, Hikaru"]
[Result "1-0"]
[WhiteElo "2587"]
[BlackElo "2651"]
[PlyCount "149"]
[EventDate "2007.02.28"]
[EventType "match (blitz)"]
[EventRounds "20"]
[EventCountry "GER"]
[SourceTitle "CBM 117 Extra"]
[Source "ChessBase"]
[SourceDate "2007.05.09"]
[SourceVersion "1"]
[SourceVersionDate "2007.05.09"]
[SourceQuality "1"]

1. d4 Nf6 2. c4 c5 3. d5 b5 4. Nf3 e6 5. g3 bxc4 6. Nc3 Bb7 7. e4 exd5 8. exd5
d6 9. Bg2 Be7 10. O-O O-O 11. Nd2 Nbd7 12. Nxc4 Ba6 13. Qa4 Qc8 14. Re1 Re8 15.
Bf4 Nb6 16. Nxb6 axb6 17. Qc6 Qd8 18. Bh3 Rb8 19. Rad1 Bb7 20. Qb5 Bf8 21. Rxe8
Nxe8 22. a4 Ba8 23. Qd7 Nc7 24. Qf5 g6 25. Qd7 f5 26. Qxd8 Rxd8 27. Bf1 Bg7 28.
Bc4 h6 29. h4 Kf7 30. Rd2 Kf6 31. Nb5 Nxb5 32. Bxb5 g5 33. hxg5+ hxg5 34. Be3
Kg6 35. Bd3 Kf6 36. Bb1 Bb7 37. Kf1 Ra8 38. Bc2 Bc8 39. b3 Bd7 40. Bd3 Bh6 41.
Re2 b5 42. Bxb5 Bxb5 43. axb5 Rb8 44. Bd2 Bf8 45. Re6+ Kf7 46. Bxg5 Rxb5 47.
Rf6+ Ke8 48. Rxf5 Rxb3 49. Bf6 c4 50. Rf4 Rb5 51. Rxc4 Rxd5 52. g4 Kf7 53. Bc3
Be7 54. Kg2 Kg6 55. f4 Rd3 56. Be1 d5 57. Rc6+ Kf7 58. g5 d4 59. g6+ Kg7 60. f5
Re3 61. Bf2 Rd3 62. Re6 Bf6 63. Rd6 Be5 64. Re6 Bf6 65. Bg3 Rd2+ 66. Kf3 Rd3+
67. Kg4 Re3 68. Rd6 Re4+ 69. Kf3 Re3+ 70. Kg2 Re4 71. Rd7+ Kh6 72. Kf3 Re3+ 73.
Kg4 Re4+ 74. Bf4+ Bg5 75. Rh7# 1-0

[Event "Nakamura-Nepomniashchy m"]
[Site "Playchess.com INT"]
[Date "2007.02.28"]
[Round "?"]
[White "Nepomniachtchi, Ian"]
[Black "Nakamura, Hikaru"]
[Result "0-1"]
[WhiteElo "2587"]
[BlackElo "2651"]
[PlyCount "52"]
[EventDate "2007.02.28"]
[EventType "match (blitz)"]
[EventRounds "20"]
[EventCountry "GER"]
[SourceTitle "CBM 117 Extra"]
[Source "ChessBase"]
[SourceDate "2007.05.09"]
[SourceVersion "1"]
[SourceVersionDate "2007.05.09"]
[SourceQuality "1"]

1. e4 e5 2. Nf3 Nf6 3. Nxe5 d6 4. Nf3 Nxe4 5. Nc3 Nxc3 6. dxc3 Nd7 7. Be3 Be7
8. Qd2 Nc5 9. O-O-O Be6 10. Nd4 O-O 11. Nxe6 Nxe6 12. f4 c6 13. g4 d5 14. Qg2
Bc5 15. Bd2 Re8 16. Kb1 Qb6 17. Qh3 Ba3 18. b3 Nc5 19. Be3 Qa5 20. Bd4 Ne4 21.
Bd3 c5 22. Bxe4 Rxe4 23. Be5 f6 24. Qd3 Rd8 25. Bb8 c4 26. bxc4 Qb6+ 0-1

[Event "Nakamura-Nepomniashchy m"]
[Site "Playchess.com INT"]
[Date "2007.02.28"]
[Round "?"]
[White "Nepomniachtchi, Ian"]
[Black "Nakamura, Hikaru"]
[Result "0-1"]
[WhiteElo "2587"]
[BlackElo "2651"]
[PlyCount "92"]
[EventDate "2007.02.28"]
[EventType "match (blitz)"]
[EventRounds "20"]
[EventCountry "GER"]
[SourceTitle "CBM 117 Extra"]
[Source "ChessBase"]
[SourceDate "2007.05.09"]
[SourceVersion "1"]
[SourceVersionDate "2007.05.09"]
[SourceQuality "1"]

1. e4 Nf6 2. e5 Nd5 3. d4 d6 4. Nf3 Nb6 5. Nc3 g6 6. Bg5 Bg7 7. Qd2 h6 8. Bh4
Nc6 9. O-O-O Bg4 10. Bb5 d5 11. Qf4 Be6 12. Qe3 a6 13. Bxc6+ bxc6 14. b3 a5 15.
a4 Qd7 16. Bg3 O-O 17. h4 Bg4 18. Bf4 Kh7 19. Rde1 Bxf3 20. Qxf3 h5 21. Bg5
Rae8 22. Qd3 Qf5 23. Qxf5 gxf5 24. e6 Bxd4 25. Nd1 Kg6 26. Bf4 fxe6 27. Bxc7
Kf7 28. Rh3 Rc8 29. Bf4 Nd7 30. Rd3 Bf6 31. Bd2 e5 32. Bxa5 e4 33. Rh3 c5 34.
c4 d4 35. f3 e3 36. Re2 f4 37. Nb2 Ne5 38. Kc2 Rb8 39. Rh1 Rb7 40. Rd1 Rfb8 41.
b4 cxb4 42. Rxd4 Nc6 43. Rd5 b3+ 44. Kb1 Nxa5 45. Rxa5 Rd7 46. Rd5 Rbd8 0-1

[Event "Nakamura-Nepomniashchy m"]
[Site "Playchess.com INT"]
[Date "2007.02.28"]
[Round "?"]
[White "Nepomniachtchi, Ian"]
[Black "Nakamura, Hikaru"]
[Result "0-1"]
[WhiteElo "2587"]
[BlackElo "2651"]
[PlyCount "78"]
[EventDate "2007.02.28"]
[EventType "match (blitz)"]
[EventRounds "20"]
[EventCountry "GER"]
[SourceTitle "CBM 117 Extra"]
[Source "ChessBase"]
[SourceDate "2007.05.09"]
[SourceVersion "1"]
[SourceVersionDate "2007.05.09"]
[SourceQuality "1"]

1. e4 e5 2. Nf3 Nf6 3. Nxe5 d6 4. Nf3 Nxe4 5. c4 g6 6. Nc3 Nxc3 7. dxc3 Bg7 8.
Bd3 O-O 9. O-O Be6 10. Qc2 Nd7 11. Be3 Nc5 12. Be2 Bf5 13. Qd1 Re8 14. Nd4 Bd7
15. Bf3 Ne4 16. Qc2 f5 17. Rad1 a6 18. Rfe1 c5 19. Ne2 Bc6 20. Nf4 Be5 21. Nd5
Ng5 22. Be2 Bxd5 23. Rxd5 f4 24. Bd2 Qf6 25. f3 Re7 26. Bf1 Rae8 27. Qd1 Ne6
28. Rd3 h5 29. Re2 g5 30. Be1 g4 31. Red2 Ng5 32. Bh4 Nxf3+ 33. Qxf3 Qxh4 34.
Qd5+ Kg7 35. Re2 f3 36. gxf3 Bd4+ 37. Rxd4 Rxe2 38. Bxe2 Rxe2 39. Qxb7+ Re7 0-1

[Event "Nakamura-Nepomniashchy m"]
[Site "Playchess.com INT"]
[Date "2007.02.28"]
[Round "?"]
[White "Nepomniachtchi, Ian"]
[Black "Nakamura, Hikaru"]
[Result "0-1"]
[WhiteElo "2587"]
[BlackElo "2651"]
[PlyCount "158"]
[EventDate "2007.02.28"]
[EventType "match (blitz)"]
[EventRounds "20"]
[EventCountry "GER"]
[SourceTitle "CBM 117 Extra"]
[Source "ChessBase"]
[SourceDate "2007.05.09"]
[SourceVersion "1"]
[SourceVersionDate "2007.05.09"]
[SourceQuality "1"]

1. e4 Nf6 2. e5 Nd5 3. d4 d6 4. Bc4 Nb6 5. Bd3 Nc6 6. exd6 cxd6 7. c3 g6 8. h4
h5 9. Nd2 Bg7 10. Ne4 Bg4 11. f3 Bf5 12. Ne2 d5 13. Nc5 Bxd3 14. Qxd3 Nd7 15.
Nxd7 Qxd7 16. Bf4 Qf5 17. Qe3 O-O-O 18. O-O-O Rhe8 19. Qd3 Qxd3 20. Rxd3 f6 21.
Rhd1 b5 22. Bh2 e6 23. Kb1 Bh6 24. Bf4 Bf8 25. Bh2 Kd7 26. Nf4 Bd6 27. Rh1 Bxf4
28. Bxf4 Rh8 29. Re1 Rde8 30. Bc1 a6 31. Rde3 Nd8 32. R3e2 Nf7 33. Bf4 Re7 34.
Kc1 Rhe8 35. Kc2 e5 36. dxe5 fxe5 37. Bh2 Kc6 38. Kd3 Re6 39. b3 Kd6 40. c4
bxc4+ 41. bxc4 Rc8 42. cxd5 Kxd5 43. Rd1 Rd6 44. Ke3+ Ke6 45. Red2 Rxd2 46.
Rxd2 Nd6 47. Ke2 Rc4 48. g3 e4 49. Bg1 exf3+ 50. Kxf3 Rc3+ 51. Kg2 Rxg3+ 52.
Kxg3 Ne4+ 53. Kf4 Nxd2 54. Be3 Nc4 55. Bd4 Nd6 56. Kg5 Kf7 57. Be3 Ne8 58. Bf2
Nc7 59. Kf4 Kf6 60. Bd4+ Ke6 61. Bh8 Nd5+ 62. Kg5 Kf7 63. Bd4 Nb4 64. a4 Nc6
65. Bc3 Ne7 66. Bb2 Nd5 67. Bd4 Nc7 68. Be5 Ne6+ 69. Kh6 Nc5 70. a5 Ke6 71.
Kxg6 Kxe5 72. Kxh5 Kf5 73. Kh6 Nb7 74. h5 Kf6 75. Kh7 Nxa5 76. h6 Nc6 77. Kh8
Ne7 78. h7 Ng6+ 79. Kg8 a5 0-1

[Event "Nakamura-Nepomniashchy m"]
[Site "Playchess.com INT"]
[Date "2007.02.28"]
[Round "?"]
[White "Nepomniachtchi, Ian"]
[Black "Nakamura, Hikaru"]
[Result "0-1"]
[WhiteElo "2587"]
[BlackElo "2651"]
[PlyCount "54"]
[EventDate "2007.02.28"]
[EventType "match (blitz)"]
[EventRounds "20"]
[EventCountry "GER"]
[SourceTitle "CBM 117 Extra"]
[Source "ChessBase"]
[SourceDate "2007.05.09"]
[SourceVersion "1"]
[SourceVersionDate "2007.05.09"]
[SourceQuality "1"]

1. e4 c5 2. d4 cxd4 3. Nf3 d6 4. Nxd4 Nf6 5. Nc3 g6 6. Be2 Bg7 7. O-O O-O 8.
Re1 Nc6 9. Bf1 Be6 10. Nxe6 fxe6 11. h3 Rc8 12. a3 Kh8 13. Be3 Nd7 14. Qg4 e5
15. Rad1 Nd4 16. Bd3 Nc5 17. Nd5 e6 18. Nc3 Qb6 19. b4 Nxd3 20. Rxd3 Qa6 21. b5
Qa5 22. Bd2 Nxc2 23. Rb1 Nd4 24. Ne2 Qc7 25. Nxd4 exd4 26. Qxe6 Rfe8 27. Qxd6
Qxd6 0-1

[Event "Nakamura-Nepomniashchy m"]
[Site "Playchess.com INT"]
[Date "2007.02.28"]
[Round "?"]
[White "Nepomniachtchi, Ian"]
[Black "Nakamura, Hikaru"]
[Result "1-0"]
[WhiteElo "2587"]
[BlackElo "2651"]
[PlyCount "151"]
[EventDate "2007.02.28"]
[EventType "match (blitz)"]
[EventRounds "20"]
[EventCountry "GER"]
[SourceTitle "CBM 117 Extra"]
[Source "ChessBase"]
[SourceDate "2007.05.09"]
[SourceVersion "1"]
[SourceVersionDate "2007.05.09"]
[SourceQuality "1"]

1. e4 Nf6 2. e5 Nd5 3. Nc3 Nb6 4. f4 d6 5. Nf3 dxe5 6. Nxe5 N8d7 7. d4 e6 8. g3
g6 9. Bg2 Bg7 10. Qe2 O-O 11. O-O c6 12. Be3 Nf6 13. Kh1 Nfd5 14. Nxd5 cxd5 15.
b3 f6 16. Nd3 Bd7 17. Nc5 Rc8 18. a4 Qe7 19. a5 Na8 20. Nxb7 Nc7 21. Nc5 Bc6
22. c4 Qe8 23. Qf3 Ba8 24. Qe2 Rf7 25. Bg1 Bf8 26. Rfe1 dxc4 27. bxc4 Bxc5 28.
dxc5 Bxg2+ 29. Qxg2 Na6 30. Rad1 Nxc5 31. Rd6 Re7 32. h4 f5 33. Kh2 Ne4 34.
Rxe4 fxe4 35. Qxe4 Rd8 36. c5 Rxd6 37. cxd6 Rf7 38. Bd4 Rf5 39. Qb7 Rf7 40. a6
Rd7 41. Bxa7 Rxd6 42. Bf2 Rd2 43. Kg2 Rd7 44. Qc6 Rd8 45. Qc3 Qb5 46. a7 Qd5+
47. Qf3 Qxf3+ 48. Kxf3 Kf7 49. Ke4 Ke7 50. Bb6 Rc8 51. Bc7 Kd7 52. Bb8 Rc4+ 53.
Ke5 Ra4 54. Kf6 Kc6 55. Kg7 Kb7 56. Kxh7 Ra3 57. g4 Rh3 58. Kxg6 Rxh4 59. Kg5
Rh8 60. Kf6 Rg8 61. g5 Re8 62. g6 Rc8 63. g7 e5 64. Kxe5 Rd8 65. Kf6 Rc8 66.
Kf7 Rc2 67. g8=Q Rc6 68. Qe8 Rh6 69. Qd7+ Kb6 70. a8=Q Rh7+ 71. Ke8 Rh8+ 72.
Ke7 Re8+ 73. Qxe8 Kc5 74. Qec6+ Kb4 75. Qab7+ Ka3 76. Qca6# 1-0

[Event "Nakamura-Nepomniashchy m"]
[Site "Playchess.com INT"]
[Date "2007.02.28"]
[Round "?"]
[White "Nepomniachtchi, Ian"]
[Black "Nakamura, Hikaru"]
[Result "0-1"]
[WhiteElo "2587"]
[BlackElo "2651"]
[PlyCount "72"]
[EventDate "2007.02.28"]
[EventType "match (blitz)"]
[EventRounds "20"]
[EventCountry "GER"]
[SourceTitle "CBM 117 Extra"]
[Source "ChessBase"]
[SourceDate "2007.05.09"]
[SourceVersion "1"]
[SourceVersionDate "2007.05.09"]
[SourceQuality "1"]

1. e4 c5 2. Nf3 d6 3. d4 cxd4 4. Nxd4 Nf6 5. Nc3 a6 6. Bg5 e5 7. Nf5 Be6 8. Ne3
Nbd7 9. Ned5 Rc8 10. Be2 h6 11. Bxf6 Nxf6 12. Nxf6+ Qxf6 13. O-O g6 14. Nd5 Qd8
15. c3 Bg7 16. Qa4+ Bd7 17. Qa3 Bc6 18. Rad1 O-O 19. Ne3 Bxe4 20. Rxd6 Qe7 21.
Rfd1 Rfe8 22. Qa5 Bf8 23. Rd7 Qe6 24. Bg4 f5 25. Be2 f4 26. Bg4 Qc6 27. Nd5 h5
28. Bh3 Kh8 29. Ne7 Bxe7 30. Rxe7 Rxe7 31. Bxc8 b6 32. Qxa6 Bxg2 33. Qd3 Be4
34. Qd6 Qxc8 35. f3 Bxf3 36. Qf6+ Kg8 0-1